| 000 | 00634nam a2200193 a 4500 | ||
|---|---|---|---|
| 005 | 20140414132124.0 | ||
| 008 | 130212s19uu xx 00 eng d | ||
| 020 | _a9780804838214 | ||
| 050 |
_aFIL 394.269599 _bRo756 2011 |
||
| 100 | _aRomulo, Liana | ||
| 245 |
_aFilipino celebrations: _ba treasury of feast and festivals. |
||
| 260 |
_aMalaysia : _bTUTTLE PUBLISHING, _c2011. |
||
| 300 | _a48p | ||
| 500 | _a(hardcover) | ||
| 650 |
_aFestivals-- _xPhilippines- _xJuvenile literature. |
||
| 650 |
_aPhilippines- _xSocial life and customs- _xjuvenile literature. |
||
| 700 | _aCorazon Dandan-Albano [illustrator] | ||
| 999 |
_c115157 _d115157 |
||